[Event "VIE-ch U11 Girls"]
[Site "Hanoi"]
[Date "2022.06.14"]
[Round "5"]
[White "Le, Minh Anh"]
[Black "Do, Ha Trang"]
[Result "0-1"]
[WhiteElo "2176"]
[BlackElo "2161"]
[PlyCount "42"]
[EventDate "2022.06.11"]
[EventType "swiss"]
[EventRounds "7"]
[EventCountry "VIE"]
[SourceTitle "EXT 2023"]
[Source "ChessBase"]
[SourceDate "2022.10.05"]
[SourceVersion "1"]
[SourceVersionDate "2022.10.05"]
[SourceQuality "1"]

1. e4 c5 2. Nf3 Nc6 3. d4 cxd4 4. Nxd4 Nf6 5. Nc3 g6 6. Nxc6 bxc6 7. e5 Ng8 8. Be2 Bg7 9. f4 d6 10. exd6 exd6 11. 0-0 Nf6 12. Bf3 d5 13. Re1+ Be6 14. f5 gxf5 15. Kh1 0-0 16. Bg5 Qb6 17. Rb1 Ne4 18. Qc1 Nf2+ 19. Kg1 Nh3+ 20. Kh1 Qg1+ 21. Rxg1 Nf2# 0-1

[Event "VIE Cup (Women)"]
[Site "Hanoi"]
[Date "2021.??.??"]
[Round "2"]
[White "Le, Minh Anh"]
[Black "Ngo, Thi Kim Cuong"]
[Result "0-1"]
[WhiteElo "2360"]
[BlackElo "1995"]
[PlyCount "94"]
[EventDate "2021.05.03"]
[EventType "swiss"]
[EventRounds "9"]
[EventCountry "VIE"]
[SourceTitle "EXT 2022"]
[Source "ChessBase"]
[SourceDate "2021.10.06"]
[SourceVersion "1"]
[SourceVersionDate "2021.10.06"]
[SourceQuality "1"]

1. e4 e6 2. d4 d5 3. exd5 exd5 4. Bd3 Nf6 5. Nc3 Be7 6. Be3 0-0 7. h3 b6 8. Qf3 c5 9. Nge2 Nc6 10. 0-0-0 c4 11. Bxc4 Be6 12. Bd3 a6 13. g4 Ne8 14. Kb1 b5 15. Qg3 Nb4 16. Bf5 Qd7 17. Rdg1 Bxf5 18. gxf5 Qxf5 19. Rc1 Rd8 20. h4 Kh8 21. a3 Nc6 22. Qf4 Qxf4 23. Nxf4 Nc7 24. h5 h6 25. Rcg1 Bf6 26. Nce2 a5 27. Bd2 b4 28. axb4 axb4 29. Rg3 Nb5 30. Rb3 Nbxd4 31. Nxd4 Bxd4 32. f3 Bc5 33. Nd3 Be7 34. Nxb4 Nxb4 35. Bxb4 Bxb4 36. Rxb4 Rd7 37. c3 Re8 38. Rd4 Re2 39. b4 Re3 40. c4 Rb3+ 41. Kc2 Rxb4 42. Rhd1 Rc7 43. Kc3 Rbxc4+ 44. Rxc4 dxc4 45. Rd4 Rc5 46. Rxc4 Rxh5 47. Rc7 Rf5 0-1